Les transferts des joueurs les plus élevés de l'histoire #3 - Statistiques

Statistiques générales
  • Ce quiz a été pris 31 fois
  • Le résultat moyen est 11 sur 17
Statistiques - réponses
Rang Date Montant De A Joueurs % Correct
#25 2013 86,2 millions Santos FC FC Barcelone Neymar
100%
#26 2019 85,5 millions Ajax Amsterdam Juventus Matthijs De Ligt
84%
#24 2019 87 millions Leicester City Manchester United Harry Maguire
81%
#27 2021 85 millions Borussia Dortmund Manchester United Jadon Sancho
77%
#40 2015 75,5 millions VfL Wolfsburg Manchester City Kevin De Bruyne
77%
#33 2023 80 millions Eintracht Francfort Paris Saint-Germain Randal Kolo Muani
74%
#33 2022 80 millions AS Monaco Real Madrid Aurélien Tchouaméni
71%
#33 2019 80 millions LOSC LIlle Arsenal FC Nicolas Pépé
71%
#39 2014 78 millions AS Monaco Real Madrid James Rodriguez
68%
#33 2019 80 millions Atlético de Madrid Bayern Munich Lucas Hernandez
61%
#30 2014 82,5 millions Liverpool FC FC Barcelone Luis Suarez
61%
#31 2022 81,6 millions ACF Fiorentina Juventus Dusan Vlahovic
55%
#33 2020 80 millions Bayer 04 Leverkusen Chelsea FC Kai Havertz
55%
#32 2022 81,5 millions Leicester City Chelsea FC Wesley Fofana
55%
#33 2018 80 millions Athletic Club Chelsea FC Kepa
52%
#28 2017 84,7 millions Everton FC Manchester United Romelu Lukaku
52%
#29 2018 84 millions Southampton FC Liverpool FC Virgil Van Djik
29%
Aucun quiz correspondant
Distribution des résultats
% des personnes avec chaque résultat
Percentile par nombre de réponses
Votre historique - résultats
Vous n’avez pas pris ce quiz